[Event "VIE-chT"]
[Site "Hanoi"]
[Date "2023.04.18"]
[Round "1"]
[White "Nguyen, Thai Binh"]
[Black "Chau, Van Khai Hoan"]
[Result "1-0"]
[WhiteElo "2273"]
[BlackElo "1987"]
[PlyCount "97"]
[EventDate "2023.04.18"]
[EventType "swiss"]
[EventRounds "9"]
[EventCountry "VIE"]
[SourceTitle "EXT 2024"]
[Source "ChessBase"]
[SourceDate "2023.10.10"]
[SourceVersion "1"]
[SourceVersionDate "2023.10.10"]
[SourceQuality "1"]

1. d4 d5 2. Nf3 Nf6 3. Bf4 e6 4. e3 Nbd7 5. c3 b6 6. Bd3 Bb7 7. h3 Be7 8. 0-0 0-0 9. Nbd2 Re8 10. a4 c6 11. b4 Nf8 12. Qb3 Ng6 13. Bh2 Bd6 14. Bxd6 Qxd6 15. c4 Rec8 16. c5 Qc7 17. Qc3 Nf8 18. a5 Rcb8 19. cxb6 axb6 20. a6 Bc8 21. Rfc1 Qe7 22. Qxc6 Bd7 23. Qc3 Rc8 24. Qa3 Rxc1+ 25. Rxc1 Ra7 26. Ne5 Ne8 27. Nc6 Bxc6 28. Rxc6 Qd8 29. b5 Nd7 30. Nf3 Nb8 31. Rc3 f6 32. e4 Qd7 33. exd5 exd5 34. Qb3 Nc7 35. Nd2 g6 36. Nf1 Ne6 37. Ne3 Nxd4 38. Qxd5+ Kg7 39. Qxd7+ Nxd7 40. Nd5 Nc5 41. Rxc5 bxc5 42. b6 Nc6 43. bxa7 Nxa7 44. Nc7 f5 45. Nb5 Nc8 46. a7 Nxa7 47. Nxa7 Kf6 48. Nb5 Ke5 49. Bc4 1-0

[Event "VIE-ch U11"]
[Site "Ho Chi Minh City"]
[Date "2022.07.14"]
[Round "6"]
[White "Chau, Van Khai Hoan"]
[Black "Nguyen, Quang Minh1111"]
[Result "1-0"]
[WhiteElo "2360"]
[BlackElo "2362"]
[PlyCount "61"]
[EventDate "2022.07.11"]
[EventType "swiss"]
[EventRounds "9"]
[EventCountry "VIE"]
[SourceTitle "EXT 2023"]
[Source "ChessBase"]
[SourceDate "2022.10.05"]
[SourceVersion "1"]
[SourceVersionDate "2022.10.05"]
[SourceQuality "1"]

1. d4 d5 2. c4 c6 3. e3 e6 4. Nc3 Nf6 5. Nf3 Bd6 6. b3 0-0 7. Bb2 Nbd7 8. Bd3 dxc4 9. bxc4 b6 10. 0-0 Bb7 11. Qe2 h6 12. Rfd1 Qe7 13. h3 c5 14. Rac1 Rac8 15. Bb1 e5 16. d5 e4 17. Nd2 Qe5 18. Nf1 Qe7 19. Qc2 Rce8 20. Nd2 Qe5 21. Ncxe4 Qh2+ 22. Kf1 Be5 23. Nxf6+ Nxf6 24. Nf3 Qh1+ 25. Ke2 Qxg2 26. Bxe5 Qg6 27. Qb2 Qh5 28. Bxf6 gxf6 29. Rg1+ Qg6 30. Qxf6 Qxg1 31. Rxg1# 1-0